000 00831nam a22002897a 4500
001 000704
003 DO-SdBPM
005 20250514125037.0
007 000704
008 161115b 2007 ag a |||| 00| 0 spa d
020 _a9789875731202
040 _aDO-SdBPM
_bspa
_cBPMSU
082 4 _aA863.6
_bD491c 2007
_222
100 1 _a Devetach, Laura
245 1 0 _aCuento escondido /
_cLaura Devetach ; ilustraciones O Kif
250 _a
260 _aBuenos Aires, Argentina :
_bSM,
_c2007
300 _a 31 p. :
_bil. ;
_c20 cm.
490 0 _aLos piratas ;
_aEl barco de vapor
_v9/A
500 _a
590 _aInventariado, 2025/VM
650 4 _aCuentos infantiles argeninos
650 4 _a Libros ilustrados infantiles
700 1 _aLegnazzi, Claudia
910 _aVMateo V. Control de calidad. BPMSU
942 _2ddc
_cBK
999 _c15051
_d15051